[Event "Amplico ch-EUR Blitz"]
[Site "Warsaw POL"]
[Date "2012.12.14"]
[Round "1.1"]
[White "Andreeva, Yulia"]
[Black "Riazantsev, Alexander"]
[Result "0-1"]
[WhiteElo "1971"]
[BlackElo "2705"]
[EventDate "2012.12.14"]

1. d4 Nf6 2. c4 e6 3. Nc3 Bb4 4. e3 O-O 5. Ne2 d5 6. a3 Bd6 7. Ng3 c5 8. dxc5
Bxc5 9. b4 Bb6 10. c5 Bc7 11. Be2 b6 12. cxb6 Bxb6 13. O-O Nc6 14. Bb2 Bd7 15.
Rc1 Ne7 16. Na4 Bxa4 17. Qxa4 Ng6 18. Ba6 e5 19. Rfd1 h5 20. h3 h4 21. Ne2 Qe7
22. Bb5 Rad8 23. Qb3 Rd6 24. Nc3 Rfd8 25. Na4 Ne4 26. Nxb6 axb6 27. Bd3 Qf6 28.
Bxe4 dxe4 29. Rxd6 Qxd6 30. a4 Qf6 31. Rd1 Ra8 32. Qc2 Qf5 33. f3 Kh7 34. fxe4
Qg5 35. Bc1 Qe7 36. b5 Qe6 37. Qe2 Kh6 38. Qc2 0-1

[Event "Amplico ch-EUR Blitz"]
[Site "Warsaw POL"]
[Date "2012.12.14"]
[Round "1.1"]
[White "Silvain, Thierry"]
[Black "Rublevsky, Sergei"]
[Result "0-1"]
[WhiteElo "1973"]
[BlackElo "2688"]
[EventDate "2012.12.14"]

1. e4 c5 2. Nf3 e6 3. c3 Nf6 4. Bd3 Nc6 5. O-O d5 6. e5 Nd7 7. Re1 Qc7 8. Qe2 g5
9. Nxg5 Qxe5 10. Qxe5 Ndxe5 11. Bc2 Rg8 12. d4 cxd4 13. cxd4 Nxd4 14. Ba4+ Bd7
15. Bxd7+ Nxd7 16. Na3 0-1

[Event "Amplico ch-EUR Blitz"]
[Site "Warsaw POL"]
[Date "2012.12.14"]
[Round "1.1"]
[White "Smolka, Marcin"]
[Black "Fridman, Daniel"]
[Result "0-1"]
[WhiteElo "1970"]
[BlackElo "2667"]
[EventDate "2012.12.14"]

1. e4 c6 2. d4 d5 3. Nc3 dxe4 4. Nxe4 Bf5 5. Ng3 Bg6 6. h4 h6 7. f4 e6 8. Nf3
Bd6 9. Bd3 Bxd3 10. Qxd3 Nf6 11. Bd2 Nbd7 12. Ne5 c5 13. c3 cxd4 14. cxd4 O-O
15. Nc4 Nb6 16. Nxd6 Qxd6 17. O-O Rfd8 18. Bc3 Nbd5 19. f5 Ng4 20. fxe6 fxe6 21.
Qf3 Nde3 22. Rfe1 Rf8 23. Rxe3 Rxf3 24. Rxf3 Qe7 25. d5 Qc5+ 26. Kh1 Qxd5 27.
Raf1 Qd8 28. Kg1 Qxh4 29. Rd1 Qh2+ 30. Kf1 Rf8 31. Rd3 Rxf3+ 32. Rxf3 Qh4 33.
Rd3 e5 34. Rf3 Nh2+ 0-1

[Event "Amplico ch-EUR Blitz"]
[Site "Warsaw POL"]
[Date "2012.12.14"]
[Round "1.1"]
[White "Wisniewski, Adam"]
[Black "Istratescu, Andrei"]
[Result "0-1"]
[WhiteElo "1967"]
[BlackElo "2654"]
[EventDate "2012.12.14"]

1. e4 e6 2. d4 d5 3. Nc3 Bb4 4. e5 c5 5. a3 Bxc3+ 6. bxc3 Qa5 7. Qd2 Nc6 8. Nf3
Nge7 9. Bd3 c4 10. Be2 Qa4 11. O-O Bd7 12. Ng5 h6 13. Nh3 O-O-O 14. Nf4 f5 15.
exf6 gxf6 16. Nh5 Rdf8 17. Re1 e5 18. Bf1 Bf5 19. dxe5 fxe5 20. Ng7 Qxc2 21.
Qxc2 Bxc2 22. Ra2 Bd3 23. Ne6 Rf6 24. Nc5 e4 25. Be3 b6 26. Na6 Rg8 27. a4 Kb7
28. Nb4 Nxb4 29. cxb4 Nf5 30. a5 Nxe3 31. fxe3 0-1

[Event "Amplico ch-EUR Blitz"]
[Site "Warsaw POL"]
[Date "2012.12.14"]
[Round "2.1"]
[White "Riazantsev, Alexander"]
[Black "Bednarek, Sylwester"]
[Result "1-0"]
[WhiteElo "2705"]
[BlackElo "2314"]
[EventDate "2012.12.14"]

1. d4 Nf6 2. c4 c5 3. d5 e6 4. Nc3 exd5 5. cxd5 d6 6. Nf3 a6 7. a4 Qe7 8. Bf4
Ne4 9. Nd2 Nxd2 10. Qxd2 Bf5 11. e4 Bxe4 12. O-O-O f5 13. f3 b5 14. axb5 axb5
15. Bxb5+ Kf7 16. fxe4 fxe4 17. Rhf1 Kg8 18. Kb1 Na6 19. Qe2 Nb4 20. Qxe4 g6 21.
Qe6+ Kg7 22. Bxd6 Qxe6 23. dxe6 Bxd6 24. Rxd6 Rhf8 25. Rxf8 Rxf8 26. e7 1-0

[Event "Amplico ch-EUR Blitz"]
[Site "Warsaw POL"]
[Date "2012.12.14"]
[Round "2.1"]
[White "Fridman, Daniel"]
[Black "Luukkonen, Tommi"]
[Result "1-0"]
[WhiteElo "2667"]
[BlackElo "2303"]
[EventDate "2012.12.14"]

1. d4 Nf6 2. c4 e6 3. Nf3 c5 4. d5 b5 5. Bg5 exd5 6. cxd5 d6 7. e4 a6 8. a4 h6
9. Bxf6 Qxf6 10. Qc2 bxa4 11. Bd3 g5 12. O-O Bg7 13. Nc3 O-O 14. Rxa4 Nd7 15.
Ra2 g4 16. Nd2 Ne5 17. Kh1 Qg6 18. Nc4 Nxd3 19. Qxd3 f5 20. e5 dxe5 21. d6 Be6
22. Nd5 Qf7 23. Ndb6 e4 24. Qc2 Ra7 25. Ra5 Bd4 26. Rfa1 f4 27. Rxa6 Rxa6 28.
Rxa6 e3 29. f3 gxf3 30. gxf3 Bf5 31. Qe2 Qb7 32. Ra1 Bd3 33. Qg2+ Kh7 34. d7 e2
35. Re1 Qb8 36. Rxe2 Bxe2 37. Qxe2 Rg8 38. h3 Rg1+ 39. Kh2 Qg8 40. Qe4+ Kh8 41.
d8=Q Qxd8 42. Qxf4 Qg8 43. Qxh6+ Qh7 44. Qxh7+ Kxh7 45. Nd5 Rd1 46. Kg2 Bxb2 47.
Nde3 Rb1 48. f4 Bd4 49. Nd5 Rc1 50. Ndb6 Kg6 51. Kf3 Rc3+ 52. Ke4 Rxh3 53. Nd7 1-0

[Event "Amplico ch-EUR Blitz"]
[Site "Warsaw POL"]
[Date "2012.12.14"]
[Round "2.1"]
[White "Kulon, Klaudia"]
[Black "Sargissian, Gabriel"]
[Result "0-1"]
[WhiteElo "2287"]
[BlackElo "2666"]
[EventDate "2012.12.14"]

1. c4 Nf6 2. Nc3 e5 3. g3 Nc6 4. Bg2 Bc5 5. e3 O-O 6. Nge2 d6 7. O-O a6 8. a3
Ba7 9. b4 Ne7 10. d3 c6 11. a4 d5 12. cxd5 Nexd5 13. Nxd5 Nxd5 14. Ba3 Re8 15.
d4 Bg4 16. dxe5 Nxe3 17. fxe3 Qxd1 18. Rfxd1 Bxe2 19. Rd7 Rab8 20. Re1 Bg4 21.
Rd3 Rxe5 22. Bb2 Ree8 23. Kf2 Rbd8 24. Bd4 Bf5 25. Rd2 Bxd4 26. Rxd4 Kf8 27. a5
Rxd4 28. exd4 Rd8 29. Ke3 Be6 30. Kd3 Bd5 31. Bh3 g6 32. Re3 f5 33. Kc3 Kf7 34.
Bf1 Kf6 35. Be2 Be4 36. Bc4 g5 37. Re1 g4 38. Re2 h5 39. Rf2 Kg5 40. Re2 h4 41.
Re3 Rh8 42. Bf1 hxg3 43. hxg3 Rh2 44. Be2 Rf2 45. Kc4 Bf3 46. Bd3 f4 47. Re5+
Kh6 48. Re6+ Kg7 49. gxf4 Bd5+ 0-1

[Event "Amplico ch-EUR Blitz"]
[Site "Warsaw POL"]
[Date "2012.12.14"]
[Round "2.1"]
[White "Istratescu, Andrei"]
[Black "Berzina, Ilze"]
[Result "0-1"]
[WhiteElo "2654"]
[BlackElo "2292"]
[EventDate "2012.12.14"]

1. d4 d5 2. c4 e6 3. Nc3 c6 4. cxd5 exd5 5. Bf4 Nf6 6. e3 Bd6 7. Bg3 O-O 8. Bd3
Bg4 9. Qc2 Na6 10. Bxa6 bxa6 11. Bxd6 Qxd6 12. Nge2 Rab8 13. O-O 0-1

[Event "Amplico ch-EUR Blitz"]
[Site "Warsaw POL"]
[Date "2012.12.14"]
[Round "2.2"]
[White "Rogule, Laura"]
[Black "Rublevsky, Sergei"]
[Result "0-1"]
[WhiteElo "2306"]
[BlackElo "2688"]
[EventDate "2012.12.14"]

1. c4 e5 2. Nc3 Nf6 3. g3 Bb4 4. Bg2 O-O 5. e4 Bxc3 6. dxc3 d6 7. Qe2 Nbd7 8.
Nf3 a6 9. O-O b5 10. Nd2 bxc4 11. Nxc4 a5 12. Be3 Ba6 13. Rfd1 Qb8 14. b3 a4 15.
Qc2 Bxc4 16. bxc4 Qb7 17. Rab1 Qc6 18. Rb4 Nc5 19. Bxc5 Qxc5 20. Rxa4 Rxa4 21.
Qxa4 Rb8 22. h3 h5 23. Rd2 h4 24. g4 Nh7 25. Rd5 Rb1+ 26. Bf1 Qb6 27. Qe8+ Nf8
28. Rb5 Rxb5 29. Qxb5 Ne6 30. a4 g6 31. a5 Qa7 32. Qe8+ Kg7 33. Qb5 Nc5 34. Kg2
Nxe4 35. Qb2 Qxa5 36. f3 Qxc3 0-1

[Event "Amplico ch-EUR Blitz"]
[Site "Warsaw POL"]
[Date "2012.12.14"]
[Round "2.2"]
[White "Luukkonen, Tommi"]
[Black "Fridman, Daniel"]
[Result "0-1"]
[WhiteElo "2303"]
[BlackElo "2667"]
[EventDate "2012.12.14"]

1. d4 d5 2. c4 e6 3. Nc3 Be7 4. cxd5 exd5 5. Bf4 Nf6 6. e3 Bf5 7. Nge2 O-O 8.
Ng3 Be6 9. Bd3 Re8 10. O-O c6 11. a3 a5 12. Rb1 Na6 13. Be5 g6 14. f4 Bg4 15.
Qc2 Nd7 16. h3 Nxe5 17. dxe5 Bc8 18. Rbd1 Nc5 19. Be2 Bh4 20. Nh1 Bf5 21. e4
Nxe4 22. Nxe4 Bxe4 23. Bd3 f5 24. Bxe4 fxe4 25. g3 Be7 26. Nf2 Qb6 27. Kg2 a4
28. h4 Qb3 29. Qe2 Bc5 30. Ng4 Kg7 31. h5 Rf8 32. Rh1 g5 33. Nf6 gxf4 34. gxf4
Kh8 35. Rh3 e3 36. Rg3 Be7 37. Rxe3 Qb6 38. Nd7 Rg8+ 39. Kh2 Qd8 40. e6 Bd6 41.
Rh3 Qg5 42. Rf1 Rae8 43. Ne5 Bxe5 44. fxe5 Rxe6 45. Re1 0-1

[Event "Amplico ch-EUR Blitz"]
[Site "Warsaw POL"]
[Date "2012.12.14"]
[Round "2.2"]
[White "Sargissian, Gabriel"]
[Black "Kulon, Klaudia"]
[Result "1-0"]
[WhiteElo "2666"]
[BlackElo "2287"]
[EventDate "2012.12.14"]

1. d4 d5 2. c4 e6 3. Nf3 c6 4. e3 Bd6 5. Nc3 f5 6. Be2 Nf6 7. O-O O-O 8. b3 Nbd7
9. a4 Qe7 10. Bb2 b6 11. Qc1 Bb7 12. Ba3 Bxa3 13. Qxa3 c5 14. a5 Rac8 15. a6 Ba8
16. Nb5 Nb8 17. Rfc1 Rfe8 18. Ne5 Ne4 19. Bd3 dxc4 20. bxc4 Ng5 21. f4 Ne4 22.
Rc2 Nd6 23. Bf1 Nf7 24. Rd2 Nd6 25. Nxd6 Qxd6 26. Rad1 Qf8 27. d5 exd5 28. cxd5
Qd6 29. Bb5 Red8 30. Nc6 Nxc6 31. dxc6 Qxd2 32. Rxd2 Rxd2 33. Qb3+ Kf8 34. Qe6
Rcd8 35. Bf1 Bxc6 36. Qxc6 R8d7 37. Qe6 g6 38. Qf6+ Ke8 39. Qh8+ Ke7 40. Qxh7+
Kf6 41. Qh8+ Ke6 42. Qe5+ Kf7 43. Bc4+ Kf8 44. Qf6+ Ke8 45. Bb5 Rd1+ 46. Kf2
Rd2+ 47. Kf3 1-0

[Event "Amplico ch-EUR Blitz"]
[Site "Warsaw POL"]
[Date "2012.12.14"]
[Round "2.2"]
[White "Berzina, Ilze"]
[Black "Istratescu, Andrei"]
[Result "0-1"]
[WhiteElo "2292"]
[BlackElo "2654"]
[EventDate "2012.12.14"]

1. e4 e6 2. d4 d5 3. e5 c5 4. c3 Qb6 5. Nf3 Bd7 6. Be2 Bb5 7. c4 Bxc4 8. Bxc4
dxc4 9. d5 Ne7 10. d6 Ng6 11. Nbd2 Nd7 12. Qe2 Qa5 13. O-O b5 14. a4 Rb8 15. Ra3
b4 16. Nxc4 Qa6 17. Re3 Nf4 18. Qc2 Nd5 19. Rb3 N7b6 20. Nxb6 axb6 21. Qe4 Qxa4
22. Rd3 Qc6 23. Ng5 Rb7 24. Qf3 h6 25. Qh5 g6 26. Qh3 Qd7 27. Ne4 Bg7 28. Bd2
Bxe5 29. Re1 Bg7 30. Rxd5 O-O 31. Rd3 f5 32. Ng3 h5 33. Bg5 e5 34. Qh4 e4 35.
Rd5 Bxb2 36. Nxh5 gxh5 37. Qxh5 Bg7 38. Bh6 Qf7 39. Qxf7+ Rfxf7 40. Bxg7 Kxg7
41. Red1 Rfd7 42. Rxf5 b3 43. Rg5+ Kf6 44. Rgd5 c4 45. Rb5 Ke6 46. Rdd5 Rxd6 47.
Re5+ Kd7 0-1

[Event "Amplico ch-EUR Blitz"]
[Site "Warsaw POL"]
[Date "2012.12.14"]
[Round "3.1"]
[White "Romanov, Evgeny"]
[Black "Riazantsev, Alexander"]
[Result "1-0"]
[WhiteElo "2616"]
[BlackElo "2705"]
[EventDate "2012.12.14"]

1. d4 Nf6 2. c4 e6 3. Nc3 Bb4 4. e3 O-O 5. Ne2 d5 6. cxd5 exd5 7. g3 c6 8. Bg2
Re8 9. O-O Bf8 10. Nf4 a5 11. f3 b5 12. g4 Ba6 13. Re1 b4 14. Nce2 Qb6 15. Ng3
c5 16. g5 Nfd7 17. Nxd5 Qa7 18. f4 cxd4 19. exd4 Rxe1+ 20. Qxe1 Nc6 21. Nf6+
Nxf6 22. Bxc6 Rc8 23. Bf3 Nd5 24. Qe5 Ne7 25. Be3 Nc6 26. Qe4 Qd7 27. d5 Ne7 28.
Rd1 Ng6 29. d6 Nh4 30. Bh1 Bb5 31. f5 Re8 32. Qf4 g6 33. f6 h6 34. Bf2 1-0

[Event "Amplico ch-EUR Blitz"]
[Site "Warsaw POL"]
[Date "2012.12.14"]
[Round "3.1"]
[White "Kanarek, Marcel"]
[Black "Rublevsky, Sergei"]
[Result "0-1"]
[WhiteElo "2482"]
[BlackElo "2688"]
[EventDate "2012.12.14"]

1. c4 e5 2. Nc3 Nf6 3. g3 Bb4 4. Bg2 O-O 5. d3 c6 6. a3 Bxc3+ 7. bxc3 d5 8. cxd5
cxd5 9. Nf3 Nc6 10. O-O h6 11. Nd2 Be6 12. a4 Qd7 13. Ba3 Rfd8 14. Qb3 b6 15.
Qb5 Rac8 16. Rfc1 Bh3 17. Bh1 Qf5 18. e4 dxe4 19. Nxe4 Nxe4 20. Bxe4 Qf6 21. Re1
Bf5 22. Bxf5 Qxf5 23. Rad1 Qg4 24. Bb4 f6 25. a5 bxa5 26. Bxa5 Nxa5 27. Qxa5 Rd7
28. Rc1 Rxd3 29. Qxa7 Rdxc3 30. Qa2+ Kh7 31. Qb1+ Qg6 32. Rxc3 Qxb1 33. Rxb1
Rxc3 34. h4 Kg6 35. Kg2 Kf5 36. Rb4 h5 37. Rb7 g6 38. Rb4 Rd3 39. Rc4 Rd4 40.
Rc6 e4 41. Rc5+ Ke6 42. Ra5 Rd2 43. Kf1 Rd5 44. Ra8 Kf5 45. Kg2 Rd2 46. Re8 Re2
47. Kf1 Ra2 48. Kg2 Ra5 49. Re7 Re5 50. Rg7 e3 51. fxe3 Rxe3 52. Kf2 Ra3 53. Rg8
g5 54. hxg5 fxg5 55. Rb8 Kg4 56. Rb4+ Kh3 57. Rb5 Ra2+ 58. Kg1 Rg2+ 59. Kh1 Ra2
60. Kg1 g4 61. Rxh5+ Kxg3 62. Kf1 Ra1+ 63. Ke2 Rg1 64. Rh8 Kg2 65. Rh7 g3 66.
Rg7 Ra1 67. Rh7 Ra2+ 68. Ke1 Ra1+ 69. Ke2 Kg1 70. Rg7 Ra2+ 71. Kf3 g2 72. Rb7
Ra3+ 73. Ke2 Rh3 74. Rg7 Kh1 75. Kf2 Rh2 0-1

[Event "Amplico ch-EUR Blitz"]
[Site "Warsaw POL"]
[Date "2012.12.14"]
[Round "3.1"]
[White "Jurcik, Marian"]
[Black "Fridman, Daniel"]
[Result "0-1"]
[WhiteElo "2496"]
[BlackElo "2667"]
[EventDate "2012.12.14"]

1. e4 c6 2. Nc3 d5 3. Qe2 d4 4. Nd1 e5 5. g3 a5 6. f4 exf4 7. gxf4 Qh4+ 8. Qf2
Be7 9. d3 Bg4 10. Qxh4 Bxh4+ 11. Nf2 Na6 12. a3 f5 13. e5 Ne7 14. Be2 Bxe2 15.
Kxe2 O-O-O 16. Nf3 Bxf2 17. Kxf2 Nc5 18. Bd2 Rd5 19. Rhg1 g6 20. b4 axb4 21.
axb4 Na6 22. Ng5 Kd7 23. h4 h5 24. Nf7 Rb8 25. Nd6 Nc7 26. Nc4 Ke6 27. Nd6 Nb5
28. Nc4 Rdd8 29. Ra5 Rg8 30. Kf3 Nd5 31. Rga1 Ndc7 32. Rg1 Ra8 33. Rga1 Rxa5 34.
Nxa5 Rb8 35. Rg1 Kf7 36. Nc4 Nd5 37. Ra1 Ke6 38. Rg1 Rg8 39. Ra1 Nbc3 40. Bxc3
dxc3 41. Nd6 Nxb4 42. Nxb7 Nxc2 43. Nc5+ Kd5 44. Na4 Nxa1 0-1

[Event "Amplico ch-EUR Blitz"]
[Site "Warsaw POL"]
[Date "2012.12.14"]
[Round "3.1"]
[White "Sargissian, Gabriel"]
[Black "Bryzgalin, Kirill"]
[Result "0-1"]
[WhiteElo "2666"]
[BlackElo "2485"]
[EventDate "2012.12.14"]

1. d4 d5 2. c4 c6 3. Nf3 Nf6 4. e3 Bf5 5. Nc3 e6 6. Nh4 Be4 7. f3 Bg6 8. Qb3 Qc7
9. Bd2 Nbd7 10. g3 a6 11. Rc1 dxc4 12. Bxc4 b5 13. Be2 c5 14. Nxg6 hxg6 15. dxc5
Nxc5 16. Nxb5 Qxg3+ 17. hxg3 Rxh1+ 18. Kf2 Rh2+ 19. Kg1 Nxb3 20. Kxh2 Nxc1 21.
Nc7+ Kd7 22. Nxa8 Nxe2 23. Nb6+ Kc6 24. Nc4 g5 25. Kg2 g4 26. Kf2 gxf3 27. Kxf3
Nxg3 28. Kxg3 Ne4+ 29. Kf3 Nxd2+ 30. Nxd2 f5 31. e4 g5 32. exf5 exf5 33. Nc4 Kd5
34. Ne3+ Ke6 35. a3 g4+ 36. Kg2 Bc5 37. Nc4 Kd5 38. Nd2 Be3 39. Nf1 Bc1 40. b3
Bxa3 41. Ne3+ Ke4 42. Nc4 Bb4 43. Kg3 Be1+ 44. Kg2 f4 45. Nd6+ Kd3 46. Kf1 Bc3
47. Nf7 f3 48. Ng5 Ke3 0-1

[Event "Amplico ch-EUR Blitz"]
[Site "Warsaw POL"]
[Date "2012.12.14"]
[Round "3.1"]
[White "Tkachiev, Vladislav"]
[Black "Kovalev, Denis"]
[Result "1/2-1/2"]
[WhiteElo "2650"]
[BlackElo "2512"]
[EventDate "2012.12.14"]

1. Nf3 Nf6 2. c4 c6 3. d4 d5 4. e3 Bf5 5. cxd5 cxd5 6. Qb3 Qc7 7. Bd2 Nc6 8. Bb5
e6 9. O-O Bd6 10. Bb4 O-O 11. Bxc6 Bxb4 12. Qxb4 Qxc6 13. Ne5 Qb6 14. Qxb6 axb6
15. Nc3 Rfc8 16. f3 h5 17. Rfc1 Kf8 18. b3 Ke7 19. Na4 Rxc1+ 20. Rxc1 Ne8 21.
Nxb6 Rxa2 22. Nc8+ Kf6 23. Nd7+ Kg5 24. Nc5 b5 25. Ne7 h4 26. h3 Nd6 27. Nc6 Bh7
28. Ne5 Nf5 29. Re1 Bg6 30. Ncd3 Ng3 31. Nf4 Kf6 32. Ng4+ Kg5 33. Ne5 Kf6 34.
Ng4+ Kg5 35. Ne5 Kf6 1/2-1/2

[Event "Amplico ch-EUR Blitz"]
[Site "Warsaw POL"]
[Date "2012.12.14"]
[Round "3.1"]
[White "Dragun, Kamil"]
[Black "Erdos, Viktor"]
[Result "1-0"]
[WhiteElo "2461"]
[BlackElo "2640"]
[EventDate "2012.12.14"]

1. e4 e5 2. Nf3 Nc6 3. Bb5 a6 4. Ba4 Nf6 5. O-O Nxe4 6. d4 b5 7. Bb3 d5 8. dxe5
Be6 9. c3 Be7 10. Nbd2 O-O 11. Bc2 f5 12. exf6 Nxf6 13. a4 b4 14. h3 Qd7 15. Re1
bxc3 16. bxc3 Bf5 17. Bb3 Bc5 18. Nf1 Rad8 19. Be3 Ne4 20. Bxc5 Nxc5 21. Ba2 Nd3
22. Re3 Nb2 23. Qe2 Nxa4 24. Qxa6 Nb6 25. Ng3 Bg6 26. Qe2 Rde8 27. Rd1 Kh8 28.
h4 h6 29. h5 Bh7 30. Re1 Rxe3 31. Qxe3 Ra8 32. Qe2 Na4 33. Rc1 Nb6 34. Re1 Na4
35. Rc1 Nb6 36. Re1 Na4 37. Rc1 Nb6 38. Nd4 Re8 39. Qd2 Ne5 40. Re1 Nec4 41.
Bxc4 Nxc4 42. Qc1 c5 43. Nf3 Rf8 44. Qd1 Qf7 45. Re2 Rb8 46. Kh2 Qf4 47. Qxd5
Bg8 48. Qxc5 Rf8 1-0

[Event "Amplico ch-EUR Blitz"]
[Site "Warsaw POL"]
[Date "2012.12.14"]
[Round "3.2"]
[White "Fridman, Daniel"]
[Black "Jurcik, Marian"]
[Result "1-0"]
[WhiteElo "2667"]
[BlackElo "2496"]
[EventDate "2012.12.14"]

1. d4 Nf6 2. c4 g6 3. Nc3 Bg7 4. g3 O-O 5. Bg2 c6 6. e4 d6 7. Nf3 Bg4 8. O-O
Nbd7 9. Be3 e5 10. d5 Qe7 11. Qb3 Bxf3 12. Bxf3 Nc5 13. Qa3 a5 14. Rfd1 Nfd7 15.
Rd2 f5 16. exf5 gxf5 17. dxc6 e4 18. Nd5 Qf7 19. cxd7 exf3 20. Bxc5 dxc5 21.
Qxc5 Kh8 22. Nf4 Rad8 23. Qd5 1-0

[Event "Amplico ch-EUR Blitz"]
[Site "Warsaw POL"]
[Date "2012.12.14"]
[Round "3.2"]
[White "Bryzgalin, Kirill"]
[Black "Sargissian, Gabriel"]
[Result "0-1"]
[WhiteElo "2485"]
[BlackElo "2666"]
[EventDate "2012.12.14"]

1. d4 Nf6 2. Nf3 e6 3. Bg5 h6 4. Bh4 b6 5. Nbd2 Bb7 6. e3 Be7 7. Bd3 c5 8. O-O
Nc6 9. c3 cxd4 10. exd4 Nh5 11. Bxe7 Nxe7 12. Re1 Nf6 13. a4 O-O 14. a5 Qc7 15.
axb6 axb6 16. Qb3 Ned5 17. Bf1 Nf4 18. g3 N4d5 19. Bg2 Ne7 20. Qc4 Bc6 21. Ne5
Qb7 22. Nxc6 Nxc6 23. d5 Na5 24. Rxa5 Rxa5 25. dxe6 d5 26. exf7+ Qxf7 27. Qd4
Qc7 28. h3 Qc5 29. Nb3 Qxd4 30. Nxd4 Ra2 31. Re2 Kh7 32. Kh2 Re8 33. Rd2 Re1 34.
Nc6 Rb1 35. Bxd5 Nxd5 36. Rxd5 Rbxb2 37. g4 Rxf2+ 38. Kg3 Rg2+ 39. Kf4 Raf2+ 40.
Ke5 Rf3 41. c4 Rxh3 42. Kd6 Rxg4 43. Ne5 Rg5 0-1

[Event "Amplico ch-EUR Blitz"]
[Site "Warsaw POL"]
[Date "2012.12.14"]
[Round "3.2"]
[White "Kovalev, Denis"]
[Black "Tkachiev, Vladislav"]
[Result "0-1"]
[WhiteElo "2512"]
[BlackElo "2650"]
[EventDate "2012.12.14"]

1. Nf3 Nf6 2. c4 g6 3. Nc3 Bg7 4. g3 O-O 5. Bg2 d6 6. O-O c6 7. Rb1 d5 8. cxd5
cxd5 9. d4 Bf5 10. Ra1 Nc6 11. Ne5 Rc8 12. Nxc6 bxc6 13. Na4 Nd7 14. Be3 Qa5 15.
Rc1 Nb6 16. Nxb6 axb6 17. a3 Rfe8 18. Qb3 e6 19. Qc3 Qa6 20. Qd2 e5 21. dxe5
Bxe5 22. Rfe1 Bg7 23. Bd4 Bxd4 24. Qxd4 Be4 25. Bxe4 Rxe4 26. Qd3 Qb7 27. b4
Rce8 28. Qd2 Qa8 29. Rc3 h5 30. Qc1 d4 31. Rxc6 d3 32. e3 d2 0-1

[Event "Amplico ch-EUR Blitz"]
[Site "Warsaw POL"]
[Date "2012.12.14"]
[Round "3.2"]
[White "Erdos, Viktor"]
[Black "Dragun, Kamil"]
[Result "1-0"]
[WhiteElo "2640"]
[BlackElo "2461"]
[EventDate "2012.12.14"]

1. Nf3 Nf6 2. c4 g6 3. g3 Bg7 4. Bg2 c6 5. O-O d5 6. b3 Ne4 7. d4 O-O 8. Bb2 a5
9. Nc3 Nxc3 10. Bxc3 b5 11. cxd5 cxd5 12. Ne5 Bb7 13. Rc1 Nd7 14. Nd3 e6 15. Qd2
b4 16. Bb2 Ba6 17. Rc2 Qb6 18. Rfc1 Rfc8 19. Nc5 Bb5 20. e4 dxe4 21. Bxe4 Rab8
22. Qf4 e5 23. Nxd7 Bxd7 24. dxe5 Rxc2 25. Rxc2 Be6 26. Rc6 Qd8 27. Rd6 Qc7 28.
h4 a4 29. Bd5 Bxd5 30. Rxd5 Re8 31. Qxb4 Qc2 32. bxa4 Qb1+ 33. Kh2 h5 34. Qb5
Rc8 35. Rd2 Qxa2 36. a5 Qb1 37. a6 Rc1 38. Qe8+ 1-0

[Event "Amplico ch-EUR Blitz"]
[Site "Warsaw POL"]
[Date "2012.12.14"]
[Round "4.1"]
[White "Fridman, Daniel"]
[Black "Kulaots, Kaido"]
[Result "1-0"]
[WhiteElo "2667"]
[BlackElo "2581"]
[EventDate "2012.12.14"]

1. c4 g6 2. Nf3 Bg7 3. Nc3 d6 4. d4 e5 5. dxe5 dxe5 6. Qxd8+ Kxd8 7. Rg1 f6 8.
g4 Be6 9. b3 Nd7 10. Be3 c6 11. O-O-O Kc7 12. h4 Nh6 13. g5 Ng4 14. gxf6 Bxf6
15. Bg5 h6 16. Bxf6 Ndxf6 17. Bh3 Rae8 18. Bxg4 Bxg4 19. Nh2 Bf5 20. f3 Rhg8 21.
Ng4 Bxg4 22. fxg4 g5 23. Rdf1 Re6 24. h5 Kd7 25. Nd1 Ne8 26. Ne3 Nd6 27. Kc2 b6
28. Rd1 Ke7 29. Rgf1 Rf8 30. Rxf8 Kxf8 31. b4 Ke7 32. c5 bxc5 33. bxc5 Ne4 34.
Nf5+ Kf8 35. Rd8+ Kf7 36. Rd7+ Kf8 37. Rxa7 Nf2 38. a4 Nxg4 39. a5 Re8 40. a6
Nf6 41. Nd6 1-0

[Event "Amplico ch-EUR Blitz"]
[Site "Warsaw POL"]
[Date "2012.12.14"]
[Round "4.1"]
[White "Bartel, Mateusz"]
[Black "Socko, Bartosz"]
[Result "0-1"]
[WhiteElo "2629"]
[BlackElo "2631"]
[EventDate "2012.12.14"]

1. d4 Nf6 2. Nf3 e6 3. e3 c5 4. b3 b6 5. Bb2 Bb7 6. Nbd2 Be7 7. Bd3 O-O 8. O-O
d6 9. c4 Nbd7 10. Qe2 Re8 11. Rfd1 Qc7 12. Rac1 Bf8 13. e4 e5 14. dxe5 dxe5 15.
Nf1 g6 16. Bb1 Bh6 17. Rc3 Rad8 18. Rcd3 Rc8 19. Ng3 Nb8 20. Rd6 Bg7 21. Nxe5
Nd5 22. Nxf7 Nf4 23. Qg4 Bxb2 24. Nh6+ Kg7 25. Qxf4 Be5 26. Rd7+ Nxd7 27. Qf7+
Kxh6 28. Rxd7 Qxd7 29. Qxd7 Rcd8 30. Qxb7 Rd1+ 31. Nf1 Rxb1 32. g3 Bd4 33. Kg2
Rb2 34. Kh3 Rxf2 35. Qd7 Ref8 36. Qe7 Rxf1 37. Qh4+ Kg7 38. Qe7+ R8f7 39. Qd6
R1f6 40. Qd5 Re7 41. a4 Rfe6 42. a5 Rxe4 43. a6 R4e6 44. b4 Rf6 45. b5 h5 46.
Qd8 Ref7 47. Qd5 Rf2 48. Qe4 Kh6 49. Qa8 g5 0-1

[Event "Amplico ch-EUR Blitz"]
[Site "Warsaw POL"]
[Date "2012.12.14"]
[Round "4.1"]
[White "Popov, Valerij"]
[Black "Bukavshin, Ivan"]
[Result "1/2-1/2"]
[WhiteElo "2557"]
[BlackElo "2510"]
[EventDate "2012.12.14"]

1. c4 Nf6 2. Nf3 e6 3. g3 b6 4. Bg2 Bb7 5. O-O Be7 6. Nc3 O-O 7. Re1 d5 8. cxd5
Nxd5 9. d4 c5 10. Nxd5 Bxd5 11. e4 Bb7 12. d5 exd5 13. exd5 Bf6 14. Ne5 Bxe5 15.
Rxe5 Nd7 16. Re2 h6 17. Bf4 Nf6 18. d6 Bxg2 19. Kxg2 Re8 20. Rxe8+ Qxe8 21. Qf3
Rd8 22. Rd1 Qe6 23. a4 Rd7 24. h4 Kh7 25. Rd3 Qf5 26. b3 g5 27. hxg5 hxg5 28.
Bc1 Kg6 29. Bb2 Qxf3+ 30. Kxf3 Ne8 31. Ke4 Nxd6+ 32. Kf3 f6 33. a5 Kf7 34. Kg4
bxa5 35. Rd5 Ke6 36. Ba1 Nc4 37. Rxc5 Nb6 38. Rxa5 Nd5 39. Ra6+ Kf7 40. f4 gxf4
41. gxf4 Kg6 42. Bd4 Kf7 43. Bxa7 Nc7 44. Ra4 Nd5 45. Bd4 Ne7 46. Ba1 Rd6 47.
Bb2 1/2-1/2

[Event "Amplico ch-EUR Blitz"]
[Site "Warsaw POL"]
[Date "2012.12.14"]
[Round "4.1"]
[White "Petrosian, Tigran L."]
[Black "Jaracz, Pawel"]
[Result "1-0"]
[WhiteElo "2648"]
[BlackElo "2548"]
[EventDate "2012.12.14"]

1. e4 c5 2. Nc3 Nc6 3. f4 g6 4. Bb5 Nd4 5. Nf3 Bg7 6. O-O a6 7. Bd3 Nc6 8. e5 d6
9. Qe2 dxe5 10. fxe5 Nh6 11. Kh1 Bg4 12. Be4 Rc8 13. d3 Nf5 14. e6 f6 15. Qf2
Qd6 16. Nd2 b5 17. a4 Ncd4 18. axb5 axb5 19. Nb3 Nxb3 20. cxb3 Nd4 21. Bf4 Qxe6
22. b4 f5 23. Bb7 Rd8 24. bxc5 O-O 25. h3 Bh5 26. c6 b4 27. c7 bxc3 28. cxd8=Q
Rxd8 29. bxc3 Nb5 30. Ra6 Qf7 31. c4 Nd4 32. Re1 Bf6 33. Ra8 Rxa8 34. Bxa8 Kg7
35. Be5 Bxe5 36. Rxe5 Ne6 37. Bd5 1-0

[Event "Amplico ch-EUR Blitz"]
[Site "Warsaw POL"]
[Date "2012.12.14"]
[Round "4.2"]
[White "Kulaots, Kaido"]
[Black "Fridman, Daniel"]
[Result "1/2-1/2"]
[WhiteElo "2581"]
[BlackElo "2667"]
[EventDate "2012.12.14"]

1. e4 e6 2. d4 d5 3. Nc3 Nf6 4. Bg5 dxe4 5. Nxe4 Nbd7 6. Nf3 h6 7. Nxf6+ Nxf6 8.
Bh4 c5 9. Bd3 Qa5+ 10. c3 cxd4 11. Nxd4 Bd7 12. O-O Be7 13. Re1 O-O 14. Qf3 Qd5
15. Qxd5 Nxd5 16. Bg3 Rfd8 17. Be4 Be8 18. Rad1 Rac8 19. h3 b5 20. Nf5 exf5 21.
Bxd5 Kf8 22. Bb7 Rxd1 23. Rxd1 Rc4 24. Be5 Bc6 25. Bxc6 Rxc6 26. Rd7 a6 27.
Bxg7+ Kxg7 28. Rxe7 Rd6 29. Re2 f4 30. Rc2 Rd1+ 31. Kh2 Rb1 32. a3 Kf6 33. Re2
Rf1 34. f3 Rb1 35. g3 fxg3+ 36. Kxg3 Kf5 37. Rd2 f6 38. h4 h5 39. Rd5+ Kg6 40.
Rd2 Kf5 41. Rc2 Rg1+ 42. Kf2 Rh1 43. Kg3 Rg1+ 44. Kh2 Rb1 45. Kg2 Ke5 46. Rd2
Kf5 47. Kf2 Rh1 48. Kg3 Rg1+ 49. Kh2 Rb1 50. Kg2 Ke5 51. Kf2 Rh1 52. Kg3 Rg1+
53. Kh2 Rb1 54. Kg3 Rg1+ 55. Kh2 Rb1 56. Kg3 Rg1+ 1/2-1/2